00715nam a2200169Ia 4500008004100000020001800041082001700059100001600076245007300092260003800165300001800203440005100221500009100272650006200363952010300425999001700528120622s9999 xx 000 0 und d a950-518-648-7 a302.23 L955m aLull, James aMedios, comunicación, cultura : aproximación global / James Lull aBuenos Aires : Amorrortu Editores a252 p. + fots aBiblioteca de comunicación, cultura y medios aTítulo original: Media, communication, culture. a global approach \ Incluye glosario a1. MEDIOS DE COMUNICACION DE MASAS - ASPECTOS SOCIALESÌ 00104070a01b01d2007-01-25l1o302.23 L955Mp01 007922r2014-02-11s2014-02-11w2012-06-24yLB c55357d55357